LEADER 01588nam a2200313 a 4500 001 000000143454 003 CaOOAMICUS 005 20150520142524.0 008 150520s2015 it a u001 u ita r 020 $a978-88-7228-750-7 040 $aPUL$bita 082 04$a282.092 245 00$aDomenico Del Buono a Ruvo e Bitonto (1925-1929) :$bun prete barese, vescovo del primo Novecento /$ca cura di Salvatore Palese, Michele Bellino. 260 $aBari :$bEdipuglia,$c2015. 300 $a310 p. :$bill. ;$c24 cm 490 1 $aPer la storia della Chiesa di Bari-Bitonto. Studi e materiali. Nuova Serie ;$v30 600 14$aDel Buono, Domenico,$carciv. di Ruvo e Bitonto,$d1880-1929.$0(OLS)http://pul/subject/41748 610 14$aBari (arcidiocesi)$xStoria$ySec. XIX-XX.$0(OLS)http://pul/subject/39294 700 1 $aPalese, Salvatore.$0(OLS)http://pul/name/1186 700 1 $aBellino, Michele.$0(OLS)http://pul/name/90415 830 0$aPer la storia della Chiesa di Bari-Bitonto.$pStudi e materiali.$pNuova Serie ;$v30.$0(OLS)http://pul/title/177464 850 $aPUL 852 $aPUL$W1$xDP2 Religione 3$y114$m282. 092 PALSA 1$j165592$qDDC 21$B165856$CPULBib$Z2$F165856 $H125841 $82 941 1 $a9 996 $6020$a978-88-7228-750-7$9(OLS)http://pul/number/157579 996 $6082$a282.092$9(OLS)http://pul/classification/402 996 $6245$aDomenico Del Buono a Ruvo e Bitonto (1925-1929) :$bun prete barese, vescovo del primo Novecento$9(OLS)http://pul/title/181517 996 $6260$aBari :$bEdipuglia$9(OLS)http://pul/publisher/48030 LEADER 01370nam a2200325 u 4500 001 000000066485 003 CaOOAMICUS 005 20070226121600.0 008 020116s1973 fr u000 u fre u 035 $a10916831 040 $aPUL(R)$bita 041 1 $afre$heng 100 1 $aHearder, Harry.$0(OLS)http://pul/name/11602 245 12$aL'Europe aux XIXe siècle :$b1830-1880 /$cH. Hearder ; traduit de l'anglais par Antoinette Dilasser ... , Anne Servandoni-Duparc ... et Sylvie Duval. 260 $aParis :$bSirey,$c1973. 300 $axvi, 372 p. ;$c22 cm 490 1 $aHistoire de l'Europe ;$v10 500 $aComprende indice. 504 $aBibliografia in nota. 651 4$aEuropa$xStoria$ySec. XIX.$0(OLS)http://pul/subject/24205 700 1 $aDuval, Sylvie,$b1981-$0(OLS)http://pul/name/44540 700 1 $aServandoni-Duparc, Anne.$0(OLS)http://pul/name/44539 700 1 $aDilasser, Antoinette.$0(OLS)http://pul/name/44538 830 0$aHistoire de l'Europe ;$v10.$0(OLS)http://pul/title/88195 850 $aPUL 852 $aPUL$W1$xSL Filosofia 1$y2$m101 A 39$j85959$nBK-PRI$b $qStampati$B85959$CPULBib$Z2$F85959 $H $81 941 1 $a8 961 $aINV: 44446 996 $6245$aL'Europe aux XIXe siècle :$b1830-1880$9(OLS)http://pul/title/88261 996 $6260$aParis :$bSirey$9(OLS)http://pul/publisher/49305